| 000 | 00637cam a2200217ua 4500 | ||
|---|---|---|---|
| 001 | 2228 | ||
| 005 | 20260515113449.0 | ||
| 008 | 110805n ii |||gr||||Z||||||eng | ||
| 020 | _a81-207-0093-7 | ||
| 040 | _cMAIN | ||
| 082 | _a375.001 | ||
| 100 | _aed. by Mamidi, Malla Reddy, | ||
| 245 | 1 |
_aCurriculum development and educational technology _ced. by Malla Reddy Mamidi |
|
| 250 | _a1st. | ||
| 260 |
_aNew Delhi: _bSterling publishers pvt. ltd.,995. |
||
| 300 |
_axvi; 380p: _bill; _c23cm. |
||
| 653 | _aEducation | ||
| 653 | _aCurriculum development and educational technology | ||
| 700 | _aed. by Ravishankar, S., | ||
| 942 | _cBK | ||
| 999 |
_c2093 _d2093 |
||